Calibration : part 1.

Calibration as a major design component of qualitative comparative analysis, including crisp versus fuzzy data sets.

Bibliographic Details
Format: Video
Language:English
Language Notes:Closed-captioned in English.
Published: [Rotterdam] : Erasmus University Rotterdam, 2019.
Series:Qualitative comparative analysis ; 7.
Subjects:
Online Access:Connect to this streaming video

MARC

Tag First Indicator Second Indicator Subfields
LEADER 00000cgm a2200000Mi 4500
001 in00005516021
006 m o d
007 cr un|||||||||
007 vz |za|||
008 230313s2019 ne 005 f o vleng d
005 20241105203112.4
035 |a (OCoLC)on1375387167 
040 |a SGPBL  |b eng  |e rda  |e pn  |c SGPBL  |d OCLCF  |d OCLCO 
020 |a 9781529669817  |q (SAGE Research Methods Video: Qualitative and Mixed Methods) 
020 |a 1529669812 
035 |a (OCoLC)1375387167 
041 0 |j eng 
050 4 |a QC100.A2  |b .C35 2019 
082 0 4 |a 001.40218 
049 |a TXAM 
245 0 0 |a Calibration :  |b part 1. 
264 1 |a [Rotterdam] :  |b Erasmus University Rotterdam,  |c 2019. 
300 |a 1 online resource (1 video file (00:04:03)) :  |b sound, colour. 
336 |a two-dimensional moving image  |b tdi  |2 rdacontent 
337 |a computer  |b c  |2 rdamedia 
337 |a video  |b v  |2 rdamedia 
338 |a online resource  |b cr  |2 rdacarrier 
490 1 |a Qualitative comparative analysis ;  |v 7 
520 8 |a Calibration as a major design component of qualitative comparative analysis, including crisp versus fuzzy data sets. 
546 |a Closed-captioned in English. 
588 |a Description based on XML content. 
650 0 |a Calibration. 
650 0 |a Data sets. 
650 0 |a Qualitative research. 
650 6 |a Étalonnage. 
650 6 |a Jeux de données. 
650 6 |a Recherche qualitative. 
650 7 |a calibration.  |2 aat 
650 7 |a Calibration  |2 fast 
650 7 |a Data sets  |2 fast 
650 7 |a Qualitative research  |2 fast 
830 0 |a Qualitative comparative analysis ;  |v 7. 
856 4 0 |u http://proxy.library.tamu.edu/login?url=https://methods.sagepub.com/video/calibration-part-1  |z Connect to this streaming video  |t 0 
955 |a SAGE Research Methods Video Qualitative and Mixed Methods 
994 |a 92  |b TXA 
999 f f |s f6aa5add-e841-4ffb-8d7a-d402564a904d  |i 11843186-7a78-4170-9097-ead6feec6a7a  |t 0 
952 f f |a Texas A&M University  |b College Station  |c Electronic Resources  |d Available Online  |t 0  |e QC100.A2 .C35 2019  |h Library of Congress classification 
998 f f |a QC100.A2 .C35 2019  |t 0  |l Available Online